| 000 | 00460nam a2200169 a 4500 | ||
|---|---|---|---|
| 001 | 5976 | ||
| 003 | CDMR | ||
| 005 | 20130220142515.0 | ||
| 008 | 130220s2004||||||||||||||||||||||||||||d | ||
| 040 |
_aCDMR _bcat _cCDMR |
||
| 100 | 1 |
_aFigueras, Jaume _92989 |
|
| 245 | 1 | 0 |
_aEndevina qui et parla de cine _cJaume Figueras |
| 260 |
_aBarcelona _bRandom House Mondadori _c2004 |
||
| 300 |
_a395 p ; _c20 cm |
||
| 650 |
_aPeriodistes catalans _vBiografies _94 |
||
| 942 | _cMON | ||
| 999 |
_c5976 _d5976 |
||